| 000 | 00700nam a2200205 i 4500 | ||
|---|---|---|---|
| 001 | 23062 | ||
| 003 | ES-MaACL | ||
| 005 | 20250907063035.0 | ||
| 007 | t| | ||
| 008 | 021209s1947 sp |||| | spa d | ||
| 100 | 1 |
_aAlvarado, Francisco, _d1756-1814 _920590 |
|
| 245 | 1 | 3 |
_aEl filósofo rancio _b: antología / _cFrancisco Alvarado ; por José María García Rodríguez. |
| 260 |
_aMadrid : _bEditora Nacional, _c1947 ( _fUguina) |
||
| 300 |
_a122 p. ; _c17 cm. |
||
| 490 | 1 | _aBreviarios del pensamiento español | |
| 700 | 1 |
_aGarcía-Rodríguez, José María. _9163049 |
|
| 830 | 0 |
_aBreviarios del pensamiento español _9180739 |
|
| 852 |
_aES-MaACL _jG-10575 |
||
| 999 |
_c23062 _d23062 |
||